Statistiche per Top 20 calciatori italiani all'estero

Clicka qui per fare il quiz!

Statistiche generali

  • Questo quiz è stato fatto 343 volte
  • Il punteggio medio è 8 su 20

Statistiche sulle risposte

GiocatoreClubValore di Mercato% Corretto
Marco VerrattiParis Saint Germain60M
99%
JorginhoChelsea50M
93%
EmersonChelsea18M
67%
Graziano PellèShandong Luneng2,4M
64%
Vincenzo GrifoFriburgo6,5M
55%
Alessandro FlorenziParis Saint Germain12M
54%
Angelo OgbonnaWest Ham5M
52%
Moise KeanParis Saint Germain25M
44%
Sebastian GiovincoAl Hilal4M
41%
Stephan El ShaarawyShanghai Shenhua12M
40%
Pietro PellegriMonaco6M
35%
EderJangsou Suning1,6M
31%
Mattia De SciglioLione7,5M
30%
Daniele RuganiRennes12M
22%
Adam MasinaWatford4,5M
13%
Daniel CaligiuriAugusta3M
10%
Raoul PetrettaBasilea1,6M
4%
Cristian BattocchioBrest2M
2%
Daniel BessaGoias2,5M
1%
Pietro IemmelloLas Palmas2,5M
1%

Distribuzione punteggi

Percentile per numero di risposta

Percentuale di utenti per punteggio

I tuoi punteggi nel tempo

Non hai fatto questo quiz